000 00259nam a22000977a 4500
008 240405b |||||||| |||| 00| 0 eng d
020 _a9788129129109
100 _aSingh Milka
_97761
245 _aThe Race of My Life
260 _aNew Delhi
_bRupa Publications
_c2013
999 _c12559
_d12559